Smallest islands by area Quiz Stats

 Plays Quiz not verified by Sporcle

Support Sporcle.
Go Orange.
Score 0/10 Timer 02:00
0 Plays Today
size in Km2 % Correct
21nauru
97.5%
26Tuvalu
87.5%
300Malta
82.5%
344Grenada
80%
93St. Kitts and Nevis
75%
342Barbados
75%
Antigua and Barbuda
75%
181Marshall islands
65%
389Saint Vincent
65%
644Maldives
62.5%

You're not logged in!

Compare scores with friends on all Sporcle quizzes.
OR
Log In

From the Vault

Hidden Neighbors of Peru

by markassonne

We're not sure how great of a neighbor you are if the rest of them are trying to hide from you.
Remove Ads.
Support Sporcle.
Get the best of Sporcle when you Go Orange. This ad-free experience offers more features, more stats, and more fun while also helping to support Sporcle. Thank you for becoming a member.

Show Comments

Extras

Top Quizzes Today


Score Distribution

Your Account Isn't Verified!

In order to create a playlist on Sporcle, you need to verify the email address you used during registration. Go to your Sporcle Settings to finish the process.

Report this User

Report this user for behavior that violates our Community Guidelines.

Details: